Loading...
| Literature - World | 0 | 5 | 0 | 1 | 50 | 87 | 114.40 | 0 | 5 | 0.00 | 0.00 |
| Literature - British | 0 | 4 | 0 | 0 | 40 | 81 | 97.50 | 4 | 4 | 0.00 | 0.00 |
| Fine Arts - Other | 0 | 3 | 0 | 1 | 30 | 114 | 128.67 | 0 | 2 | 0.00 | 0.00 |
| Science - Chemistry | 0 | 3 | 0 | 0 | 30 | 105 | 116.33 | 1 | 3 | 0.00 | 0.00 |
| History - Other | 0 | 3 | 1 | 0 | 25 | 78 | 99.67 | 1 | 3 | 0.00 | 0.00 |
| Science - Physics | 1 | 1 | 0 | 0 | 25 | 86 | 106.50 | 0 | 2 | 0.00 | 0.00 |
| Science - Biology | 0 | 3 | 1 | 1 | 25 | 58 | 110.33 | 2 | 3 | 0.00 | 0.00 |
| Pop Culture | 0 | 2 | 0 | 2 | 20 | 138 | 138.50 | 0 | 2 | 0.00 | 0.00 |
| Literature - European | 0 | 2 | 0 | 1 | 20 | 79 | 100.00 | 1 | 2 | 0.00 | 0.00 |
| Fine Arts - Visual | 0 | 2 | 0 | 0 | 20 | 98 | 105.50 | 1 | 2 | 0.00 | 0.00 |
| Social Science | 0 | 1 | 0 | 0 | 10 | 85 | 85.00 | 0 | 1 | 0.00 | 0.00 |
| Religion | 0 | 1 | 0 | 1 | 10 | 140 | 140.00 | 0 | 1 | 0.00 | 0.00 |
| Science - Other | 0 | 1 | 0 | 0 | 10 | 108 | 108.00 | 1 | 1 | 0.00 | 0.00 |
| History - American | 0 | 1 | 0 | 0 | 10 | 75 | 75.00 | 0 | 1 | 0.00 | 0.00 |
| History - World | 0 | 1 | 0 | 0 | 10 | 67 | 67.00 | 1 | 1 | 0.00 | 0.00 |
| Philosophy | 0 | 1 | 2 | 1 | 0 | 140 | 140.00 | 0 | 0 | 0.00 | 0.00 |
| Literature - American | 0 | 0 | 2 | 0 | -10 | 0.00 | 0 | 0 | 0.00 | 0.00 |